[Event "EU-Cup 32nd"]
[Site "Novi Sad"]
[Date "2016.11.09"]
[Round "4.4"]
[White "Federic, Jozef"]
[Black "Bosman, Michiel"]
[Result "1/2-1/2"]
[WhiteElo "2290"]
[BlackElo "2353"]
[PlyCount "147"]
[EventDate "2016.11.06"]
[EventType "team-swiss"]
[EventRounds "7"]
[EventCountry "SRB"]
[SourceTitle "CBM 176"]
[Source "ChessBase"]
[SourceDate "2017.01.17"]
[SourceVersion "1"]
[SourceVersionDate "2017.01.17"]
[SourceQuality "1"]
[WhiteTeam "Modra"]
[BlackTeam "Leiden LSG"]
[WhiteTeamCountry "SVK"]
[BlackTeamCountry "NED"]

1. d4 Nf6 2. Nf3 d5 3. c4 e6 4. cxd5 exd5 5. Bg5 h6 6. Bh4 Nbd7 7. Nc3 Bb4 8. e3 g5 9. Bg3 Ne4 10. Qb3 c5 11. Bb5 0-0 12. 0-0 Bxc3 13. bxc3 c4 14. Qb2 Nb6 15. a4 a6 16. a5 axb5 17. axb6 Rxa1 18. Rxa1 Qxb6 19. Qb4 Re8 20. Ra8 f6 21. Ne1 Kf7 22. Nc2 Bd7 23. Rxe8 Bxe8 24. f3 Nxg3 25. hxg3 Qe6 26. Kf2 Bc6 27. Qb2 h5 28. Nb4 Kg7 29. Qa1 Qd6 30. Qh1 Kh6 31. Qh3 Kg6 32. Qc8 Kg7 33. Qf5 Kh6 34. Qc8 Kg6 35. Qg8+ Kh6 36. f4 Qd7 37. Qf8+ Kg6 38. Qg8+ Qg7 39. Qe6 Qf7 40. Qd6 Kf5 41. Nxc6 bxc6 42. Qxc6 gxf4 43. gxf4 Ke4 44. Qxb5 Kd3 45. Qb2 Qe8 46. Qb1+ Kxc3 47. Qc1+ Kd3 48. Qd1+ Kc3 49. Qc1+ Kb3 50. Qb1+ Ka4 51. Qa2+ Kb4 52. Qb2+ Ka4 53. Qa2+ Kb5 54. Qb2+ Kc6 55. Qa3 Qe6 56. Qa6+ Kd7 57. Qb7+ Kd8 58. Qb8+ Kd7 59. Qb7+ Ke8 60. Qh7 Qg4 61. g3 Kf8 62. Qh8+ Kf7 63. Qh7+ Ke8 64. Qh8+ Ke7 65. Qh7+ Kd6 66. e4 Qd1 67. e5+ Kc6 68. Qa7 Qd2+ 69. Kf3 Qd3+ 70. Kf2 Qd2+ 71. Kf3 Qd3+ 72. Kg2 Qc2+ 73. Kg1 Qd1+ 74. Kf2 1/2-1/2

[Event "NED-chT 1617"]
[Site "Netherlands"]
[Date "2016.11.05"]
[Round "3.10"]
[White "Bosman, Michiel"]
[Black "Kollen, Zyon"]
[Result "1-0"]
[WhiteElo "2352"]
[BlackElo "2296"]
[PlyCount "79"]
[EventDate "2016.09.17"]
[EventType "team-tourn"]
[EventRounds "9"]
[EventCountry "NED"]
[SourceTitle "EXT 2018"]
[Source "ChessBase"]
[SourceDate "2017.10.13"]
[SourceVersion "1"]
[SourceVersionDate "2017.10.13"]
[SourceQuality "1"]
[WhiteTeam "Leiden LSG"]
[BlackTeam "SISSA"]
[WhiteTeamCountry "NED"]
[BlackTeamCountry "NED"]

1. Nf3 Nf6 2. c4 g6 3. Nc3 Bg7 4. e4 d6 5. d4 0-0 6. h3 e5 7. d5 a5 8. g4 Na6 9. Be3 Nc5 10. Qc2 b6 11. Rg1 Kh8 12. Be2 Ng8 13. 0-0-0 f5 14. exf5 gxf5 15. Ng5 Qe7 16. h4 Bh6 17. f3 a4 18. Qd2 Bd7 19. Rde1 fxg4 20. fxg4 Rf6 21. Bd1 Rg6 22. Bc2 Rg7 23. Kb1 Re8 24. Qd1 Ra8 25. a3 Be8 26. Ka2 Bg6 27. Bxa4 Nxa4 28. Nxa4 Be8 29. Nc3 Bd7 30. Ref1 Rf8 31. Nce4 Rg6 32. Qd2 Nf6 33. Nxf6 Rgxf6 34. Re1 Bg7 35. Ne4 Rf3 36. g5 R3f7 37. h5 Bf5 38. Qg2 Rg8 39. g6 Rff8 40. h6 1-0

[Event "Albena op-A"]
[Site "Albena"]
[Date "2016.06.25"]
[Round "8"]
[White "Bernadskiy, Vitaliy"]
[Black "Bosman, Michiel"]
[Result "1-0"]
[WhiteElo "2521"]
[BlackElo "2330"]
[PlyCount "69"]
[EventDate "2016.06.18"]
[EventType "swiss"]
[EventRounds "9"]
[EventCountry "BUL"]
[SourceTitle "CBM 173 Extra"]
[Source "ChessBase"]
[SourceDate "2016.08.29"]
[SourceVersion "1"]
[SourceVersionDate "2016.08.29"]
[SourceQuality "1"]

1. Nf3 d5 2. g3 c6 3. Bg2 Bg4 4. 0-0 Nd7 5. d3 Ngf6 6. Nbd2 e6 7. h3 Bh5 8. e4 Be7 9. b3 0-0 10. Bb2 a5 11. a3 h6 12. Qe1 Bxf3 13. Nxf3 Qb6 14. a4 Bb4 15. Qe2 Qa6 16. e5 Nh7 17. Nh2 Rae8 18. f4 b5 19. Nf3 bxa4 20. Rxa4 Bc5+ 21. Kh2 Nb6 22. Ra2 Qb5 23. Nd4 Bxd4 24. Bxd4 c5 25. Bf2 a4 26. c4 Qa5 27. bxa4 dxc4 28. dxc4 Rb8 29. Rb1 Rfc8 30. Rb5 Qa6 31. Rab2 Nd7 32. Rxb8 Rxb8 33. Rxb8+ Nxb8 34. Qb2 Nd7 35. Qb5 1-0